| 000 | 00439nam a2200145Ia 4500 | ||
|---|---|---|---|
| 008 | 231129s1993||||xx |||||||||||||| ||spa|| | ||
| 020 | _a958-614-385-6 | ||
| 040 | _bspa | ||
| 082 | _a923.9 C669c | ||
| 100 | _aAntei Giorgio | ||
| 245 | 0 | _aLos heroes errantes: historia de Agustin Codazzi 1793-1822 | |
| 260 | _c1993 | ||
| 264 | _aPlaneta ; Instituto Geografico Agustin Codazzi | ||
| 942 |
_2ddc _cBKS |
||
| 999 |
_c19724 _d19724 |
||